| 000 | 00524nam a2200145Ia 4500 | ||
|---|---|---|---|
| 003 | EaristPH | ||
| 008 | 240523s2002 xx 000 0 und d | ||
| 040 | _cEARIST LIBRARY | ||
| 082 | _aFil 400 C74 2002 | ||
| 245 | 0 |
_aLayag ng wika sa batis ng komunikasyon / _cLourdes Q. Concepcion; Emmanuel S.Gonzales; Flaviano I. Lirio, Jr.; Hipolito S. Ruzol; Victoria B. Villavicencio |
|
| 260 |
_aCabanatuan City : _bRecorder Printing Press, _c2002. |
||
| 300 | _a127 p.; 25 cm. | ||
| 504 | _aIncludes bibliography | ||
| 942 |
_2ddc _cBK |
||
| 999 |
_c3934 _d3934 |
||